Detalles MARC
| 000 -CABECERA |
| campo de control de longitud fija |
02234cam a2200301 i 4500 |
| 001 - NÚMERO DE CONTROL |
| campo de control |
16390 |
| 003 - IDENTIFICADOR DEL NÚMERO DE CONTROL |
| campo de control |
DO-SdUEMH |
| 005 - FECHA Y HORA DE LA ÚLTIMA TRANSACCIÓN |
| campo de control |
20260210165912.0 |
| 007 - CAMPO FIJO DE DESCRIPCIÓN FÍSICA--INFORMACIÓN GENERAL |
| campo de control de longitud fija |
ta |
| 008 - DATOS DE LONGITUD FIJA--INFORMACIÓN GENERAL |
| campo de control de longitud fija |
211105s2016 dr a|||gr|||| 000 0 spa|d |
| 020 ## - NÚMERO INTERNACIONAL ESTÁNDAR DEL LIBRO |
| Número Internacional Estándar del Libro |
9789945901092 |
| 040 ## - FUENTE DE LA CATALOGACIÓN |
| Centro catalogador/agencia de origen |
DO-SdUEMH |
| Lengua de catalogación |
spa |
| Normas de descripción |
rda |
| 041 ## - CÓDIGO DE LENGUA |
| Código de lengua del texto/banda sonora o título independiente |
spa |
| 082 14 - NÚMERO DE LA CLASIFICACIÓN DECIMAL DEWEY |
| Colección |
Colección Dominicana |
| Número de clasificación |
RD374.012 |
| Número de documento/Ítem |
M665a |
| 084 ## - OTRO NÚMERO DE CLASIFICACIÓN |
| Item number |
16-00272 |
| 110 ## - ENTRADA PRINCIPAL--NOMBRE DE ENTIDAD CORPORATIVA |
| Nombre de entidad corporativa o nombre de jurisdicción como elemento de entrada |
Organización de Estados Iberoamericanos para la Educación, La Ciencia y la Cultura (OEI) |
| 245 10 - MENCIÓN DE TÍTULO |
| Título |
Aprendo y construyo futuro: |
| Resto del título |
informe de sistematización de aprendizajes / |
| Mención de responsabilidad, etc. |
Francisco Cabrera ; |
| 260 ## - PUBLICACIÓN, DISTRIBUCIÓN, ETC. |
| Date of publication, distribution, etc. |
2016 |
| 264 01 - PRODUCCIÓN, PUBLICACIÓN, DISTRIBUCIÓN, FABRICACIÓN Y COPYRIGHT |
| Lugar de producción, publicación, distribución, fabricación |
Santo Domingo : |
| Nombre del de productor, editor, distribuidor, fabricante |
MINERD, |
| Fecha de producción, publicación, distribución, fabricación o copyright |
2016 |
| 300 ## - DESCRIPCIÓN FÍSICA |
| Extensión |
76 paginas : |
| Otras características físicas |
ilustraciones ; |
| Dimensiones |
27 cm. |
| 336 ## - TIPO DE CONTENIDO |
| Fuente |
rdacontent |
| Término de tipo de contenido |
texto |
| Código de tipo de contenido |
txt |
| 337 ## - TIPO DE MEDIO |
| Fuente |
rdamedia |
| Nombre del tipo de medio |
sin mediación |
| Código del tipo de medio |
n |
| 338 ## - TIPO DE SOPORTE |
| Fuente |
rdacarrier |
| Nombre del tipo de soporte |
volumen |
| Código del tipo de soporte |
nc |
| 490 ## - MENCIÓN DE SERIE |
| Mención de serie |
Quisqueya aprende contigo. Plan nacional de alfabetización |
| 505 #1 - NOTA DE CONTENIDO CON FORMATO |
| Nota de contenido con formato |
Prólogo -- Introducción -- La sistematización y su método -- Quisqueya aprende contigo: un plan nacional que reinventa la educación de personas jóvenes y adultas en la República Dominicana -- Cinco principios generales sobre los que funciona -- La alfabetización en el contexto del Subsistema de Educación para Personas Jóvenes y Adultas -- El Plan Nacional de Alfabetización en el marco de la Estrategia Global contra la Pobreza “Quisqueya sin Miseria” -- Aprendizajes para la vida, sistematizando los aprendizajes -- Una constancia imprescindible -- ¿Quiénes son esas personas que vienen a aprender? -- No es una persona iletrada, ¡es excluida! -- Aprendizajes esperados -- Ocho competencias, seis unidades de aprendizaje y veinticuatro temas -- Una metodología basada en el enfoque sociocultural -- Tres recursos que apoyan el aprendizaje: los materiales educativos -- El diálogo de saberes -- El deseo de continuar aprendiendo -- Del plan a la vida: aprendizajes que trascienden -- Aprendizaje con propósitos claros -- Las razones que mueven a integrarse a procesos de aprendizaje -- ¿Qué aprendizajes se están alcanzando en Quisqueya Aprende Contigo? -- De la experiencia de Quisqueya Aprende Contigo: aprendizajes que deja el proceso -- Bibliografía -- Anexos. |
| 942 ## - ELEMENTOS DE PUNTO DE ACCESO ADICIONAL (KOHA) |
| Fuente del sistema de clasificación o colocación |
Dewey Decimal Classification |
| Tipo de ítem Koha |
Libro |
| Suprimir en OPAC |
No |